Great Traditions in Ethics / (Record no. 16350)
[ view plain ]
| 000 -LEADER | |
|---|---|
| fixed length control field | 01283cam a2200313 a 4500 |
| 001 - CONTROL NUMBER | |
| control field | 12408188 |
| 005 - DATE AND TIME OF LATEST TRANSACTION | |
| control field | 20020125190612.0 |
| 008 - FIXED-LENGTH DATA ELEMENTS--GENERAL INFORMATION | |
| fixed length control field | 010515s2001 at a |rb 00| 0 eng |
| 010 ## - LIBRARY OF CONGRESS CONTROL NUMBER | |
| LC control number | 2001033859 |
| 020 ## - INTERNATIONAL STANDARD BOOK NUMBER | |
| International Standard Book Number | 0534560911 |
| 020 ## - INTERNATIONAL STANDARD BOOK NUMBER | |
| International Standard Book Number | 9780534560911 |
| 040 ## - CATALOGING SOURCE | |
| Original cataloging agency | DLC |
| Transcribing agency | DLC |
| Modifying agency | DLC |
| 050 00 - LIBRARY OF CONGRESS CALL NUMBER | |
| Classification number | BJ71 |
| Item number | .G7 2001 |
| 082 00 - DEWEY DECIMAL CLASSIFICATION NUMBER | |
| Classification number | 170 |
| Edition number | 21 |
| Item number | GRE |
| 245 00 - TITLE STATEMENT | |
| Title | Great Traditions in Ethics / |
| Statement of responsibility, etc | [edited by] Theodore C. Denise, Nicholas P. White, Sheldon P. Peterfreund. |
| 250 ## - EDITION STATEMENT | |
| Edition statement | 10th ed. |
| 260 ## - PUBLICATION, DISTRIBUTION, ETC. (IMPRINT) | |
| Place of publication, distribution, etc | Australia ; |
| -- | Belmont, CA : |
| Name of publisher, distributor, etc | Wadsworth Pub., |
| Date of publication, distribution, etc | 2002 |
| 300 ## - PHYSICAL DESCRIPTION | |
| Extent | xii, 365 p. : |
| Other physical details | ill. ; |
| Dimensions | 24 cm. |
| 504 ## - BIBLIOGRAPHY, ETC. NOTE | |
| Bibliography, etc | Includes bibliographical references. |
| 650 #0 - SUBJECT ADDED ENTRY--TOPICAL TERM | |
| Topical term or geographic name as entry element | Ethics |
| General subdivision | History. |
| 9 (RLIN) | 28450 |
| 650 #0 - SUBJECT ADDED ENTRY--TOPICAL TERM | |
| Topical term or geographic name as entry element | Ethics. |
| 9 (RLIN) | 28451 |
| 653 ## - INDEX TERM--UNCONTROLLED | |
| Resource For college | |
| Arrived date list | January2012 |
| 700 1# - ADDED ENTRY--PERSONAL NAME | |
| Personal name | Denise, Theodore Cullom, |
| Dates associated with a name | 1919- |
| 9 (RLIN) | 28452 |
| Relator term | edt |
| 700 1# - ADDED ENTRY--PERSONAL NAME | |
| Personal name | White, Nicholas P., |
| Dates associated with a name | 1942- |
| 9 (RLIN) | 28453 |
| Relator term | edt |
| 700 1# - ADDED ENTRY--PERSONAL NAME | |
| Personal name | Peterfreund, Sheldon Paul, |
| Dates associated with a name | 1917- |
| 9 (RLIN) | 28454 |
| Relator term | edt |
| 942 ## - ADDED ENTRY ELEMENTS (KOHA) | |
| Source of classification or shelving scheme | Dewey Decimal Classification |
| Item type | Book - Borrowing |
| Withdrawn status | Item status | Source of classification or shelving scheme | Damaged status | Not for loan | Vendor | Home library | Current library | Shelving location | Date acquired | Source of acquisition | Cost, normal purchase price | Serial Enumeration / chronology | Total Checkouts | Total Renewals | Full call number | Barcode | Date last seen | Date last borrowed | Koha item type |
|---|---|---|---|---|---|---|---|---|---|---|---|---|---|---|---|---|---|---|---|
| Dewey Decimal Classification | Central Library | Central Library | Lower Floor | 30/01/2012 | 315.00 | 1817/2012 | 2 | 17 | 170 GRE | 000025856 | 15/07/2025 | 08/09/2014 | Book - Borrowing |